000 00254nam a2200097Ia 4500
001 783112
005 20250826170217.0
008 250824s9999 xx 000 0 und d
245 0 _aBAŞARIYA GÖTÜREN AİLE
_cDOĞAN CÜCELOĞLU
260 _bREMZİ KİTABEVİ
999 _c783112
_d783112